What Came First? II Quiz Stats

 Plays Quiz Updated Feb 28, 2018

Score 0/30 Timer 05:00
0 Plays Today
A First % Correct
Pizza Hut???
76.4%
Ralph Lauren???
74.5%
Ford???
73.2%
Frosted Flakes???
73%
Wall Street Journal???
67.1%
CNN???
66.5%
SiriusXM???
66.2%
Wikipedia???
66.2%
T.G.I. Friday's???
65.6%
Enterprise???
62.1%
BuzzFeed???
57%
Mario Bros.???
56.4%
Xbox 360???
55.3%
Allstate???
54.8%
Motorola???
54.7%
A First % Correct
Heath Bar???
54.7%
American Express???
52.4%
Tim Horton's???
50.9%
L'Oréal???
48.8%
Comcast???
48.5%
Amazon???
46.2%
WNBA???
45%
Tootsie Roll Pops???
44.6%
Lowe's???
43.5%
Canon???
39%
Winn-Dixie???
38.4%
United Airlines???
36.9%
Apple iPad???
34.9%
Wells Fargo???
28.1%
Sprite???
26.9%

You're not logged in!

Compare scores with friends on all Sporcle quizzes.
OR
Log In

Sporcle TV

Today on Sporcle TV


Watch our educational content, quiz creation guides, and fun videos on Sporcle TV.

Show Comments

Extras

Top Quizzes Today


Score Distribution

Your Account Isn't Verified!

In order to create a playlist on Sporcle, you need to verify the email address you used during registration. Go to your Sporcle Settings to finish the process.

Report this User

Report this user for behavior that violates our Community Guidelines.

Details: